[Event "Oberliga Ost-B 2122"]
[Site "Germany"]
[Date "2022.07.02"]
[Round "6.2"]
[White "Schmidt, Walter"]
[Black "Reucker, Friedrich"]
[Result "1/2-1/2"]
[WhiteElo "2229"]
[BlackElo "1981"]
[PlyCount "24"]
[EventDate "2021.10.10"]
[EventType "team-tourn"]
[EventRounds "11"]
[EventCountry "GER"]
[SourceTitle "EXT 2023"]
[Source "ChessBase"]
[SourceDate "2022.10.05"]
[SourceVersion "1"]
[SourceVersionDate "2022.10.05"]
[SourceQuality "1"]
[WhiteTeam "Bad Homburg"]
[BlackTeam "Erfurt Empor"]
[WhiteTeamCountry "GER"]
[BlackTeamCountry "GER"]

1. e4 b6 2. d4 Bb7 3. Bd3 e6 4. Nf3 d5 5. Nbd2 Ba6 6. Bxa6 Nxa6 7. c3 c6 8. Qa4 Qc8 9. 0-0 b5 10. Qc2 Nf6 11. a4 Nc7 12. e5 Qb7 1/2-1/2

[Event "Oberliga Ost-B 2122"]
[Site "Germany"]
[Date "2022.04.02"]
[Round "10.3"]
[White "Schmidt, Walter"]
[Black "Schubert, Nikita"]
[Result "0-1"]
[WhiteElo "2229"]
[BlackElo "1922"]
[PlyCount "114"]
[EventDate "2021.10.10"]
[EventType "team-tourn"]
[EventRounds "11"]
[EventCountry "GER"]
[SourceTitle "EXT 2023"]
[Source "ChessBase"]
[SourceDate "2022.10.05"]
[SourceVersion "1"]
[SourceVersionDate "2022.10.05"]
[SourceQuality "1"]
[WhiteTeam "Bad Homburg"]
[BlackTeam "Gera"]
[WhiteTeamCountry "GER"]
[BlackTeamCountry "GER"]

1. e4 e5 2. Nf3 Nc6 3. Bb5 a6 4. Ba4 Nf6 5. 0-0 Be7 6. Re1 b5 7. Bb3 0-0 8. h3 Bb7 9. d3 d6 10. a3 Nb8 11. Nbd2 Nbd7 12. Nf1 c5 13. Ng3 Qc7 14. Qe2 Rfe8 15. Ng5 d5 16. exd5 Nxd5 17. Nf5 Bf8 18. Ne4 N7f6 19. Bd2 Qc6 20. f3 Rac8 21. Kh1 Nh5 22. Qf2 Qg6 23. Ne3 Ndf4 24. Nf1 Rc7 25. Nfg3 Bc8 26. Nxh5 Nxh5 27. Ba5 Rce7 28. Nxc5 Nf4 29. Ne4 Kh8 30. Qg3 Qc6 31. Bd2 f5 32. Nc3 Nh5 33. Qg5 Nf6 34. Re2 h6 35. Qh4 Kh7 36. Rae1 f4 37. Ne4 Nxe4 38. Rxe4 Bf5 39. R4e2 g5 40. Qf2 Bg7 41. Bb4 Rc7 42. Rd1 h5 43. Qe1 g4 44. Qf2 gxh3 45. gxh3 Bxh3 46. Kh2 Bf5 47. Rde1 Bf6 48. d4 Rg7 49. dxe5 Bd8 50. Rd1 Rg3 51. Rd6 Qb7 52. Rf6 Rh3+ 53. Kg1 Bxf6 54. exf6 Rg3+ 55. Kh1 Rxf3 56. Qg2 Rf1+ 57. Kh2 Rxe2 0-1

[Event "GER-chT Online Liga 1 GpA"]
[Site "Playchess.com INT"]
[Date "2021.03.23"]
[Round "7.1"]
[White "Schmidt, Walter"]
[Black "Lauer, Moritz"]
[Result "1/2-1/2"]
[WhiteElo "2227"]
[BlackElo "2399"]
[PlyCount "82"]
[EventDate "2021.01.22"]
[EventType "team-tourn (rapid)"]
[EventRounds "7"]
[EventCountry "GER"]
[SourceTitle "EXT 2022"]
[Source "ChessBase"]
[SourceDate "2021.10.06"]
[SourceVersion "1"]
[SourceVersionDate "2021.10.06"]
[SourceQuality "1"]
[WhiteTeam "Bad Homburg"]
[BlackTeam "Herzogenaurach"]
[WhiteTeamCountry "GER"]
[BlackTeamCountry "GER"]

1. e4 e5 2. Nf3 Nc6 3. Bb5 Nge7 4. 0-0 g6 5. c3 a6 6. Ba4 Bg7 7. Re1 0-0 8. d3 d6 9. Nbd2 h6 10. Nf1 f5 11. exf5 Nxf5 12. Ng3 Kh7 13. d4 Nxg3 14. hxg3 exd4 15. Nxd4 Nxd4 16. cxd4 Qf6 17. Be3 b5 18. Bc2 Bb7 19. Qd3 Rae8 20. Rad1 Bd5 21. Bb3 Be4 22. Qc3 Re7 23. Bc2 Bd5 24. Bb3 Bb7 25. Bc2 b4 26. Qd3 Be4 27. Qd2 Bd5 28. b3 a5 29. Bd3 Qf7 30. Rc1 Bb7 31. Rc2 Qd5 32. Bf1 Qf7 33. Rec1 Be4 34. Bd3 Bb7 35. Bc4 Qf5 36. Bf1 Rff7 37. Bc4 Qe4 38. Bf1 Qd5 39. Qd3 Qh5 40. Qe2 Qf5 41. Qb5 Qxb5 1/2-1/2

[Event "GER-chT Online Liga 1 GpA"]
[Site "Playchess.com INT"]
[Date "2021.01.22"]
[Round "1.1"]
[White "Schmidt, Walter"]
[Black "Bluebaum, Matthias"]
[Result "0-1"]
[WhiteElo "2227"]
[BlackElo "2670"]
[PlyCount "62"]
[EventDate "2021.01.22"]
[EventType "team-tourn (rapid)"]
[EventRounds "7"]
[EventCountry "GER"]
[SourceTitle "CBM 200 Extra"]
[Source "ChessBase"]
[SourceDate "2021.03.31"]
[SourceVersion "1"]
[SourceVersionDate "2021.03.31"]
[SourceQuality "1"]
[WhiteTeam "Bad Homburg"]
[BlackTeam "Deizisau"]
[WhiteTeamCountry "GER"]
[BlackTeamCountry "GER"]

1. d4 d5 2. c4 e6 3. Nf3 Nf6 4. g3 Bb4+ 5. Bd2 Bd6 6. Bg2 c6 7. b3 Ne4 8. 0-0 0-0 9. Bf4 Bxf4 10. gxf4 b6 11. Qc2 Nd7 12. Nc3 Nd6 13. Ne5 Bb7 14. Rac1 Rc8 15. e3 Nf5 16. Qe2 Nh4 17. Bh3 Nxe5 18. fxe5 c5 19. cxd5 cxd4 20. exd4 Bxd5 21. f4 Ba8 22. d5 Bxd5 23. Nxd5 Qxd5 24. Rfd1 Rxc1 25. Rxc1 Rd8 26. Bg2 Nxg2 27. Qxg2 Qd1+ 28. Qf1 Qg4+ 29. Kh1 h5 30. Qf2 g6 31. Re1 Rd3 0-1

[Event "Hessen-ch"]
[Site "Frankfurt"]
[Date "2019.05.30"]
[Round "3"]
[White "Schmidt, Walter"]
[Black "Weber, Samuel"]
[Result "1/2-1/2"]
[WhiteElo "2225"]
[BlackElo "2160"]
[PlyCount "35"]
[EventDate "2019.05.29"]
[EventType "swiss"]
[EventRounds "9"]
[EventCountry "GER"]
[SourceTitle "EXT 2020"]
[Source "ChessBase"]
[SourceDate "2019.10.17"]
[SourceVersion "1"]
[SourceVersionDate "2019.10.17"]
[SourceQuality "1"]

1. c4 Nf6 2. Nf3 e6 3. g3 a6 4. Bg2 b5 5. b3 Bb7 6. 0-0 c5 7. Bb2 Qb6 8. d3 Be7 9. Nbd2 d6 10. e3 Nc6 11. Qe2 0-0 12. Rfd1 d5 13. cxd5 Nxd5 14. d4 cxd4 15. Nxd4 Nxd4 16. Bxd4 Bc5 17. Bb2 Rfd8 18. Ne4 1/2-1/2

[Event "Regionalliga Sued-West 1819"]
[Site "Bayern"]
[Date "2019.03.24"]
[Round "8.8"]
[White "Kraemer, Stefan"]
[Black "Schmidt, Walter"]
[Result "1-0"]
[WhiteElo "2097"]
[BlackElo "1905"]
[PlyCount "187"]
[EventDate "2018.10.21"]
[EventType "team-tourn"]
[EventRounds "9"]
[EventCountry "GER"]
[SourceTitle "EXT 2022"]
[Source "ChessBase"]
[SourceDate "2021.10.06"]
[SourceVersion "1"]
[SourceVersionDate "2021.10.06"]
[SourceQuality "1"]
[WhiteTeam "Altstadt Roter Turm"]
[BlackTeam "Haar"]
[WhiteTeamCountry "GER"]
[BlackTeamCountry "GER"]

1. e4 e5 2. Nf3 d6 3. d4 exd4 4. Nxd4 Be7 5. Nc3 Nf6 6. Be2 Bd7 7. 0-0 0-0 8. Bf4 a6 9. Bf3 Nc6 10. Nxc6 Bxc6 11. e5 dxe5 12. Bxc6 bxc6 13. Bxe5 Bd6 14. Re1 Re8 15. Bg3 Bxg3 16. hxg3 Rxe1+ 17. Qxe1 Qe8 18. Qf1 Qe5 19. Re1 Qh5 20. Qe2 Qxe2 21. Rxe2 Kf8 22. Kf1 Rd8 23. Ke1 Rd4 24. Rd2 Rxd2 25. Kxd2 Ke7 26. Kd3 Ng4 27. f3 Nf6 28. Kd4 Kd6 29. b4 h5 30. a3 g6 31. Nd1 Nd7 32. Ne3 f6 33. Nc4+ Ke6 34. Na5 Kd6 35. Nb7+ Ke7 36. Ke4 Nb8 37. Nc5 Kd6 38. Kd4 Ke7 39. c3 Kf7 40. a4 Ke7 41. Ke4 Kd6 42. a5 Ke7 43. f4 Kd6 44. c4 Ke7 45. f5 g5 46. Kd4 Kf7 47. Ne6 Ke7 48. Nxc7 Kd7 49. Ne6 Kd6 50. Nc5 Kc7 51. Ne6+ Kd6 52. Ng7 h4 53. gxh4 gxh4 54. Ne8+ Ke7 55. Nc7 Kd6 56. Ne6 Nd7 57. Ke4 Ne5 58. Nc5 Nxc4 59. Nxa6 Na3 60. Nc5 Kc7 61. Nd3 Kd6 62. a6 Kc7 63. Nc5 Kb6 64. Kd3 Nb5 65. Ke4 Nc3+ 66. Kd3 Nd5 67. Ke4 Nxb4 68. Nd7+ Kxa6 69. Nxf6 c5 70. Nd5 Nc6 71. f6 Nd8 72. Nf4 Kb5 73. Ng6 Kc6 74. Nxh4 Kd6 75. Kf5 c4 76. Nf3 c3 77. Nd4 Kd7 78. g4 Ke8 79. g5 Nf7 80. g6 Nd8 81. Nc2 Kf8 82. Ke5 Nc6+ 83. Kf5 Nd8 84. Kg5 Ne6+ 85. Kh6 Kg8 86. Ne3 Ng7 87. f7+ Kf8 88. Kh7 Ne6 89. Nc2 Ng7 90. Nd4 c2 91. Nxc2 Ne6 92. Kh8 Ng7 93. Nd4 Nh5 94. Ne6+ 1-0

[Event "Rhein Main op-A 21st"]
[Site "Bad Homburg"]
[Date "2018.06.01"]
[Round "4"]
[White "Hinrichs, Hans Uwe"]
[Black "Schmidt, Walter"]
[Result "0-1"]
[WhiteElo "2074"]
[BlackElo "2228"]
[PlyCount "92"]
[EventDate "2018.05.30"]
[EventType "swiss"]
[EventRounds "7"]
[EventCountry "GER"]
[SourceTitle "EXT 2019"]
[Source "ChessBase"]
[SourceDate "2018.10.10"]
[SourceVersion "1"]
[SourceVersionDate "2018.10.10"]
[SourceQuality "1"]

1. e4 c5 2. Nc3 Nc6 3. g3 g6 4. d3 Bg7 5. Bg2 d6 6. Nh3 Rb8 7. Be3 b5 8. Qd2 Nd4 9. Bxd4 cxd4 10. Ne2 e5 11. 0-0 Nf6 12. c3 dxc3 13. bxc3 Bd7 14. f3 0-0 15. d4 Qc7 16. Nf2 Rfd8 17. Nd3 a5 18. Kh1 Be8 19. Rab1 Nd7 20. f4 Nb6 21. f5 Qe7 22. Nb2 d5 23. exd5 Nxd5 24. dxe5 Qxe5 25. Nd4 Nxc3 26. Qxc3 b4 27. Qc4 Rxd4 28. Qc2 Rbd8 29. Rbe1 Qd6 30. fxg6 hxg6 31. Qb3 Kh7 32. Nc4 Qc5 33. Rf4 Rxf4 34. gxf4 a4 35. Qh3+ Kg8 36. Ne5 Qf2 37. Rf1 Qxa2 38. Qh4 Qd2 39. Qe7 Qd6 40. Qh4 a3 41. Qg3 Qd4 42. Qb3 Qb2 43. Bd5 Qxb3 44. Bxb3 Rd2 45. Rc1 Bxe5 46. fxe5 Bd7 0-1

[Event "Hessenliga 1617"]
[Site "Hessen"]
[Date "2017.01.15"]
[Round "5.2"]
[White "Goreacinic, Dmitri"]
[Black "Schmidt, Walter"]
[Result "1-0"]
[WhiteElo "2276"]
[BlackElo "2228"]
[PlyCount "73"]
[EventDate "2016.09.18"]
[EventType "team-tourn"]
[EventRounds "9"]
[EventCountry "GER"]
[SourceTitle "EXT 2018"]
[Source "ChessBase"]
[SourceDate "2017.10.13"]
[SourceVersion "1"]
[SourceVersionDate "2017.10.13"]
[SourceQuality "1"]
[WhiteTeam "Offenbach"]
[BlackTeam "Bad Homburg"]
[WhiteTeamCountry "GER"]
[BlackTeamCountry "GER"]

1. d4 Nf6 2. c4 e6 3. Nc3 d5 4. Bg5 c6 5. e3 Nbd7 6. Nf3 Be7 7. Rc1 0-0 8. Qc2 Re8 9. Bd3 dxc4 10. Bxc4 Nd5 11. Bxe7 Qxe7 12. 0-0 Nxc3 13. bxc3 c5 14. Bd3 h6 15. e4 b6 16. Nd2 e5 17. d5 Nf6 18. Bb5 Bd7 19. Rb1 Red8 20. Nc4 Bxb5 21. Rxb5 Ne8 22. a4 Nd6 23. Nxd6 Rxd6 24. c4 Rg6 25. a5 Rd8 26. axb6 axb6 27. Qb2 Rdd6 28. f4 exf4 29. e5 Rd7 30. Rxf4 Qg5 31. Re4 Qf5 32. Re1 Qg4 33. Rxb6 Rxb6 34. Qxb6 Qxc4 35. e6 Qd4+ 36. Kh1 Qf2 37. Qb8+ 1-0

[Event "Rhein Main op-A 19th"]
[Site "Bad Homburg"]
[Date "2016.05.28"]
[Round "5"]
[White "Schmidt, Walter"]
[Black "Schupp, Tobias"]
[Result "0-1"]
[WhiteElo "2240"]
[BlackElo "2111"]
[PlyCount "56"]
[EventDate "2016.05.25"]
[EventType "swiss"]
[EventRounds "7"]
[EventCountry "GER"]
[SourceTitle "EXT 2017"]
[Source "ChessBase"]
[SourceDate "2016.10.25"]
[SourceVersion "1"]
[SourceVersionDate "2016.10.25"]
[SourceQuality "1"]

1. e4 e6 2. d4 d5 3. Nd2 Nc6 4. Ngf3 Nf6 5. e5 Nd7 6. Bb5 f6 7. exf6 Qxf6 8. Bxc6 bxc6 9. 0-0 Bd6 10. Re1 0-0 11. Nf1 c5 12. Bg5 Qg6 13. Bh4 cxd4 14. Nxd4 Nc5 15. Nb5 Qh6 16. Bg3 Bxg3 17. Nxg3 Rb8 18. a4 Qf4 19. Qf3 Qxf3 20. gxf3 a6 21. b4 axb5 22. bxc5 bxa4 23. Rxa4 Rxf3 24. c4 Rf4 25. Ra7 dxc4 26. Rxc7 c3 27. Rc1 Rc4 28. Rd1 Ba6 0-1

[Event "Rhein Main op-A 19th"]
[Site "Bad Homburg"]
[Date "2016.05.26"]
[Round "3"]
[White "Schmidt, Walter"]
[Black "Modric, Vladimir"]
[Result "1/2-1/2"]
[WhiteElo "2240"]
[BlackElo "1976"]
[PlyCount "72"]
[EventDate "2016.05.25"]
[EventType "swiss"]
[EventRounds "7"]
[EventCountry "GER"]
[SourceTitle "EXT 2017"]
[Source "ChessBase"]
[SourceDate "2016.10.25"]
[SourceVersion "1"]
[SourceVersionDate "2016.10.25"]
[SourceQuality "1"]

1. e4 d5 2. exd5 Qxd5 3. Nf3 Nf6 4. d4 Bg4 5. Be2 e6 6. 0-0 Nc6 7. c4 Qd7 8. Be3 Be7 9. Nbd2 0-0 10. Qb3 a5 11. a3 a4 12. Qc3 Rfe8 13. Rad1 Bf8 14. Rfe1 Qc8 15. Rc1 Rd8 16. Bd3 Bh5 17. h3 Bg6 18. Bxg6 hxg6 19. Qc2 Be7 20. Nb1 Bd6 21. Nc3 e5 22. dxe5 Nxe5 23. Nxe5 Bxe5 24. Nxa4 Qf5 25. Nc3 b6 26. Qxf5 gxf5 27. Re2 Rd3 28. Rd1 Rxd1+ 29. Nxd1 Ne4 30. Kf1 Rd8 31. Re1 f6 32. g4 f4 33. Bxb6 Rd3 34. Rxe4 Rxd1+ 35. Ke2 Rb1 36. Bd4 Bxd4 1/2-1/2

[Event "Rhein Main op-A 18th"]
[Site "Bad Homburg"]
[Date "2015.06.04"]
[Round "3"]
[White "Schmidt, Walter"]
[Black "Pichl, Michael"]
[Result "1-0"]
[WhiteElo "2217"]
[BlackElo "2036"]
[PlyCount "79"]
[EventDate "2015.06.03"]
[EventType "swiss"]
[EventRounds "7"]
[EventCountry "GER"]
[SourceTitle "CBM 167 Extra"]
[Source "ChessBase"]
[SourceDate "2015.09.14"]
[SourceVersion "1"]
[SourceVersionDate "2015.09.14"]
[SourceQuality "1"]

1. e4 c5 2. Nf3 g6 3. d4 cxd4 4. Nxd4 Bg7 5. Nc3 d6 6. Be3 Nf6 7. f3 a6 8. Qd2 b5 9. 0-0-0 Bb7 10. g4 h6 11. Kb1 Nbd7 12. h4 d5 13. exd5 b4 14. Ne4 Nxd5 15. h5 g5 16. Nf5 Be5 17. Bd4 Qc7 18. Be2 0-0-0 19. Rhe1 e6 20. Ne3 Bf4 21. Qd3 Nxe3 22. Bxe3 Nc5 23. Bxf4 gxf4 24. Nd6+ Kb8 25. Qd4 e5 26. Qxe5 Rhe8 27. Qxe8 Rxe8 28. Nxe8 Qa5 29. Nd6 Bd5 30. Nc4 Bxc4 31. Bxc4 Qc7 32. Re8+ Ka7 33. Rde1 Kb6 34. Bd5 Na4 35. R8e7 Qd6 36. Bb3 Nc5 37. Bxf7 Ka5 38. Bb3 Nxb3 39. axb3 Qd2 40. R7e6 1-0

[Event "Rhein Main op-A 18th"]
[Site "Bad Homburg"]
[Date "2015.06.03"]
[Round "1"]
[White "Schmidt, Walter"]
[Black "Klaus, Dominik"]
[Result "1/2-1/2"]
[WhiteElo "2217"]
[BlackElo "1975"]
[PlyCount "72"]
[EventDate "2015.06.03"]
[EventType "swiss"]
[EventRounds "7"]
[EventCountry "GER"]
[SourceTitle "CBM 167 Extra"]
[Source "ChessBase"]
[SourceDate "2015.09.14"]
[SourceVersion "1"]
[SourceVersionDate "2015.09.14"]
[SourceQuality "1"]

1. e4 c5 2. Nf3 d6 3. d4 cxd4 4. Nxd4 Nf6 5. Nc3 a6 6. f4 Nbd7 7. Nf5 Qc7 8. Bd3 Nc5 9. Ng3 h5 10. h3 b5 11. Qe2 h4 12. Nf1 e6 13. f5 b4 14. Nd1 Bb7 15. Nf2 Be7 16. Bd2 a5 17. fxe6 fxe6 18. e5 dxe5 19. Bg6+ Kf8 20. Ne3 e4 21. Nfg4 Qg3+ 22. Qf2 Qxf2+ 23. Kxf2 Bd6 24. Rhd1 Ke7 25. Kg1 Ncd7 26. Nc4 Bc5+ 27. Kh1 Nxg4 28. hxg4 h3 29. Bg5+ Nf6 30. Ne5 Rad8 31. Nf7 hxg2+ 32. Kxg2 Rxd1 33. Rxd1 Rf8 34. Ne5 Rd8 35. Re1 Kf8 36. Nc4 Ra8 1/2-1/2